000 00361nam a22001457a 4500
999 _c3012
_d3012
008 200319b ||||| |||| 00| 0 eng d
082 0 0 _a671.2
_bH8481
100 _92603
_aHoward, E. D.
245 1 0 _aModern foundry practice
_cby E. D. Howard (ed.)
260 _aLondon
_bOdhams
_c1953
300 _a384 p.
365 _d10.05
650 0 _aFounding
942 _cBK